Production and characterization of monoclonal antibodies against avian myeloblastosis virus

Bibliographic Details
Main Authors: Russ, G. (Author), Poláková, K. (Author)
Format: Article
Language:English

MARC

LEADER 00000nab a2200000ua 4500
001 vtls010830984
003 SK-MaSNL
005 20260303144530.0
008 230222s1983 xo |||||||||||||||||eng|
035 |a (urnnbn)urn:nbn:sk:snk:ar-a06htx 
035 |a urn:nbn:sk:snk-ab5vzb 
035 |a (uuid)6b0de19a-4d1c-47ad-95ac-27e6c1d23636 
040 |a SNKBUCL  |b slo  |c SNKBUCL  |e AACR2 
041 0 |a eng 
044 |a xo  |c SK 
100 1 |a Russ, G.  |4 aut  |9 1159891 
245 1 0 |a Production and characterization of monoclonal antibodies against avian myeloblastosis virus  |c G. Russ, K. Poláková 
700 1 |a Poláková, K.  |4 aut  |9 810982 
773 0 |t Neoplasma : journal of experimental and clinical oncology  |g Roč. 30, č. 6 (1983), s. 625-635 
958 |a OND 
958 |a EUIPO 
958 |a article5 
999 |c 1997749  |d 1999679